| 000 | 00591nam a2200193 a 4500 | ||
|---|---|---|---|
| 005 | 20151125040018.0 | ||
| 008 | 140219b1996 ck ||||| |||| 00| 0 spa d | ||
| 040 |
_aCO-BoIAVH _cCO-BoIAVH |
||
| 041 | _aspa | ||
| 044 | _ack | ||
| 090 |
_aLB _b00223 |
||
| 110 |
_bCorporación para el Desarrollo Sostenible del Sur de la Amazonia _942874 |
||
| 245 | _aPlan decenal de gestión ambiental del sur de la amazonia 1996-2005 | ||
| 260 |
_aMocoa _bCORPOAMAZONIA _c1996 |
||
| 300 |
_a36 paginas _e3 mapas |
||
| 650 |
_aGestión ambiental _942875 |
||
| 662 |
_aColombia _bAmazonas |
||
| 942 |
_cINFORME _2z |
||
| 999 |
_c243 _d243 |
||